000 00596nam a22001817a 4500
008 160510b xxu||||| |||| 00| 0 eng d
020 _a0823077233
040 _aKABU
_cKABU
050 _aML3790
_b.K73 2007 c. 1
245 _aThis business of music
_bthe definitive guide to the music industry
_cM. William Krasilovsky...[et al.].
250 _a10 ed.
260 _aNew York
_bWatson-Guptill publications
_c2007
300 _a[xlviii], 510 p.
650 _aMusic trade
_zUnited States
650 _aMusic
_xEconomic aspects
700 _aKrasilovsky, M. William ...[et al.].
942 _2lcc
_cBK
999 _c15951
_d15951